| 000 | 00568nam a22001937a 4500 | ||
|---|---|---|---|
| 003 | OSt | ||
| 005 | 20210427071153.0 | ||
| 008 | 210226s1980 ||||| |||| 00| 0 eng d | ||
| 040 |
_aeng _beng _cDLC |
||
| 041 | _aeng | ||
| 080 |
_a577.4 _bN-52 |
||
| 110 |
_9928 _aNational Geographic Society |
||
| 245 |
_aThe New America's Wonderlands / Our National Parks _c/ by: National Geographic Society |
||
| 260 |
_aWashington DC _bNational Geographic Society _c1980 |
||
| 300 |
_a464 p. _bill. |
||
| 650 | 0 |
_9690 _aEcology |
|
| 653 | _aეკოლოგია | ||
| 942 |
_2udc _cBK |
||
| 999 |
_c1746 _d1746 |
||